000 00408nam a22001697a 4500
003 SGT
020 _a9789283244974
082 _a616.07
_bW18G
100 _aGROSSNIKLAUS, HANS E.
245 _aWHO CLASSIFICATION TUMOURS OF THE EYE
250 _a4TH
260 _aFRANCE
_bWHO PUB
_c2018
300 _a223
650 _aPATHOLOGY
653 _aWHO CLASSIFICATION TUMOURS OF THE EYE
942 _2ddc
_cBK
999 _c23280
_d23280